000 00309nam a22001337a 4500
008 170614b xxu||||| |||| 00| 0 eng d
020 _a9780393924060
041 _aeng
080 _a32
100 _a19
101 _aSHP
245 _aESSENTIAL READINGS IN WORLD POLITICS
_cMINGST.K.A
942 _2udc
_cBK
999 _c17361
_d17361